000 00850nam a22001937a 4500
003 OSt
005 20260408011215.0
008 260408b |||||||| |||| 00| 0 eng d
040 _aDWCL GS lib
_cOC
082 _aFic. V53 2008
100 _aVerne, Jules
245 _aindiana illustrated classics:
_baround the world in 80 days
_cJules Verne
260 _aIndia
_bIndiana publishing house 2008
300 _a238
_billustrations
_c21
520 _afollows eccentric English gentleman Phileas Fogg, who wagers £20,000 that he can circumnavigate the globe in 80 days. Accompanied by his valet, Passepartout, Fogg races against time, rescuing an Indian princess, Aouda, while being pursued by the mistaken Detective Fix.
546 _aEnglish
700 _aJules Verne
942 _2ddc
_cFIC.
_hFic. V53 2008
_n0
999 _c9331
_d9331